| Tag |
First Indicator |
Second Indicator |
Subfields |
| LEADER |
00000cam a22000001i 4500 |
| 001 |
in00000308921 |
| 005 |
20210712141926.0 |
| 008 |
730313s1948 nyuab b 001 0 eng |
| 010 |
|
|
|a 48009171
|
| 035 |
|
|
|a (OCoLC)ocm00394251
|
| 035 |
|
|
|a (OCoLC)00394251
|
| 035 |
|
|
|9 ABG8604AM
|
| 040 |
|
|
|a DLC
|b eng
|c DLC
|d OCLCQ
|d MUQ
|d OCLCQ
|d LMR
|d OCLCG
|d STF
|d K6U
|d IOQ
|d ZWZ
|d CWS
|d OCLCQ
|d OCLCF
|d OCLCQ
|d TTUSC
|d W9@
|d OCLCO
|d TAMSA
|d OCLCQ
|d SGB
|d OCL
|d OCLCO
|d OCLCQ
|d OCL
|d TXMAR
|d OCLCQ
|d NLC
|d CSJ
|d GRC
|d OCLCO
|d OCLCA
|d OCLCQ
|d OCLCO
|d OCLCQ
|d XFF
|d TYC
|d OCLCQ
|d OCLCO
|d OKR
|d MNI
|d BNC
|d ACO
|d CSA
|d OKX
|d ETS
|d IAD
|d WUW
|d CEF
|d OCLCQ
|d OCLCO
|d BOS
|d CPS
|d CSO
|d S#L
|d XIM
|d QE2
|d SNN
|d PEX
|d OCLCQ
|d OCLCO
|d INT
|d CTL
|d ALV
|d PAU
|d JDP
|d AL5CM
|d URS
|d KFH
|d TOF
|d EUM
|d KNM
|d JYY
|d JG0
|d BHL
|d BGU
|d ZID
|d WYGBL
|d CNKUC
|d WYU
|d EUQ
|d DXU
|d UWO
|d MTU
|d IOG
|d LVT
|d YOU
|d NZ1
|d HV6
|d DCHUA
|d FAF
|d ATCCC
|d CWI
|d GDC
|d HUELT
|d IOB
|d EZC
|d ALCOL
|d D6H
|d LGG
|d MLM
|d PUG
|d OL$
|d DE#
|d J9U
|d ZGI
|d ROB
|d YUS
|d LENOT
|d DLC
|d U3G
|d CBA
|d W2U
|d LKC
|d DKC
|d EVV
|d FNE
|d GZN
|d AZM
|d GZW
|d CSE
|d BDP
|d FDU
|d VXO
|d MMC
|d M8D
|d OK8
|d CPO
|d TJC
|d NJT
|d UK5EZ
|d LU8
|d OCLCQ
|d OCLCO
|d BUF
|d OCLCQ
|d OCL
|d LBQ
|
| 016 |
|
|
|a (AMICUS)000001189264
|
| 019 |
|
|
|a 1890325
|a 2945522
|a 3877772
|a 13683629
|a 692246851
|a 1029434789
|
| 020 |
|
|
|a 0385416199
|
| 020 |
|
|
|a 9780385416191
|
| 029 |
1 |
|
|a AU@
|b 000000633445
|
| 029 |
1 |
|
|a DEBSZ
|b 003054705
|
| 029 |
1 |
|
|a DEBSZ
|b 049205501
|
| 029 |
1 |
|
|a NLC
|b 000001189264
|
| 029 |
1 |
|
|a NZ1
|b 3179562
|
| 029 |
1 |
|
|a NZ1
|b 92350
|
| 029 |
1 |
|
|a UNITY
|b 087179709
|
| 029 |
1 |
|
|a UNITY
|b 133339475
|
| 029 |
1 |
|
|a ZWZ
|b 046487174
|
| 035 |
|
|
|a (OCoLC)394251
|z (OCoLC)1890325
|z (OCoLC)2945522
|z (OCoLC)3877772
|z (OCoLC)13683629
|z (OCoLC)692246851
|z (OCoLC)1029434789
|
| 050 |
0 |
0 |
|a D743
|b .E35 1948
|
| 055 |
|
1 |
|a D743.E35
|
| 080 |
|
|
|a 940.53(093.32)
|
| 082 |
0 |
4 |
|a 940.542
|
| 086 |
0 |
|
|a I 19.42/4:83-4007
|
| 049 |
|
|
|a TXAM
|c 1,2,3
|a TXAS [mil]
|c 4,5,6
|
| 100 |
1 |
|
|a Eisenhower, Dwight D.
|q (Dwight David),
|d 1890-1969.
|
| 245 |
1 |
0 |
|a Crusade in Europe /
|c Dwight D. Eisenhower.
|
| 250 |
|
|
|a [1st ed.].
|
| 264 |
|
1 |
|a Garden City, N.Y. :
|b Doubleday,
|c 1948.
|
| 300 |
|
|
|a xiv, 559 pages :
|b illustrations, maps (some color) ;
|c 23 cm
|
| 336 |
|
|
|a text
|b txt
|2 rdacontent
|
| 337 |
|
|
|a unmediated
|b n
|2 rdamedia
|
| 338 |
|
|
|a volume
|b nc
|2 rdacarrier
|
| 504 |
|
|
|a Bibliographical references included in "Footnotes" (p. [481]-510) and index.
|
| 505 |
0 |
|
|a Prelude to war -- Global war -- Command post for Marshall -- Platform for invasion -- Planning torch -- Invasion of Africa -- Winter in Algiers -- Tunisian campaign -- Husky -- Sicily and Salerno -- Cairo Conference -- Italy -- Planning overlord -- D-day and lodgment -- Breakout -- Pursuit and the battle of supply -- Autumn fighting on Germany's frontier -- Hitler's last bid -- Crossing the Rhine -- Assault and encirclement -- Overrunning Germany -- Victory's aftermath -- Operation study -- Russia.
|
| 520 |
|
|
|a Within the pages of this book the single most important military figure of World War II has written the story that is destined to become the single most important record of that conflict. Here, from the hand of the Supreme Commander of the Allied forces, is the complete story of the war as Eisenhower planned it and lived it. Through his eyes you can now see the whole gigantic drama of the war -- the strategy, the battles, the moments of fateful decision. Yet this is a warm and richly personal account. No personality among all those described is more clearly defined than that of Eisenhower himself. Through his own account of the long months of waiting and planning and working, through his description of the gradual formation of the great plans for victory, through his record of the history-making hours when the machinery of battle had been launched and could no longer be recalled, you come to know this great man as no one else could describe him to you. - Jacket flap.
|
| 650 |
|
0 |
|a World War, 1939-1945
|x Campaigns.
|
| 650 |
|
1 |
|a World War, 1939-1945
|x Campaigns
|
| 600 |
1 |
6 |
|a Eisenhower, Dwight David,
|d 1890-1969
|
| 650 |
|
7 |
|a Military campaigns.
|2 fast
|0 (OCoLC)fst01710190
|
| 647 |
|
7 |
|a World War
|d (1939-1945)
|2 fast
|0 (OCoLC)fst01180924
|
| 648 |
|
7 |
|a 1939-1945
|2 fast
|
| 776 |
0 |
8 |
|i Online version:
|a Eisenhower, Dwight D. (Dwight David), 1890-1969.
|t Crusade in Europe.
|b [1st ed.].
|d Garden City, N.Y. : Doubleday, 1948
|w (OCoLC)563643631
|
| 994 |
|
|
|a C0
|b TXA
|
| 999 |
f |
f |
|s 1f286c6a-3fd3-312f-b522-4ed6aa20e827
|i 87a68c0d-db2d-3e0f-86c3-8829f0b50da0
|t 0
|
| 952 |
f |
f |
|p normal
|a Texas A&M University
|b College Station
|c Sterling C. Evans Library
|s Evans stk
|d Evans: Library Stacks
|t 0
|e D743 .E35 1948
|h Library of Congress classification
|i unmediated -- volume
|m A14809139308
|
| 952 |
f |
f |
|p noncirc
|a Texas A&M University
|b College Station
|c Cushing Memorial Library & Archives
|s cush mil
|d Cushing: Ragan Military (Does not check out)
|t 0
|e D743 .E35 1948
|h Library of Congress classification
|i unmediated -- volume
|m A14852149377
|
| 952 |
f |
f |
|p normal
|a Texas A&M University
|b Washington DC
|c Bush DC Campus
|s Bush DC
|d Bush School Library (located in Washington, DC)
|t 0
|e D743 .E35 1948
|h Library of Congress classification
|i unmediated -- volume
|m 66000003987
|
| 952 |
f |
f |
|p ric
|a Texas A&M University
|b Rellis Campus
|c Joint Library Facility
|s JLF
|d Remote Storage
|t 0
|e D743 .E35 1948
|h Library of Congress classification
|i unmediated -- volume
|m A14801888246
|
| 952 |
f |
f |
|p noncirc
|a Texas A&M University
|b College Station
|c Cushing Memorial Library & Archives
|s cush mil
|d Cushing: Ragan Military (Does not check out)
|t 0
|e D743 .E35 1948
|h Library of Congress classification
|i unmediated -- volume
|m A14852149369
|
| 952 |
f |
f |
|p noncirc
|a Texas A&M University
|b College Station
|c Cushing Memorial Library & Archives
|s cush mil
|d Cushing: Ragan Military (Does not check out)
|t 0
|e D743 .E35 1948
|h Library of Congress classification
|i unmediated -- volume
|m A14852149385
|
| 998 |
f |
f |
|a D743 .E35 1948
|t 0
|l Evans: Library Stacks
|
| 998 |
f |
f |
|a D743 .E35 1948
|t 0
|l Cushing: Ragan Military (Does not check out)
|
| 998 |
f |
f |
|a D743 .E35 1948
|t 0
|l Bush School Library (located in Washington, DC)
|
| 998 |
f |
f |
|a D743 .E35 1948
|t 0
|l Remote Storage
|
| 998 |
f |
f |
|a D743 .E35 1948
|t 0
|l Cushing: Ragan Military (Does not check out)
|
| 998 |
f |
f |
|a D743 .E35 1948
|t 0
|l Cushing: Ragan Military (Does not check out)
|